Annual Audit CR of New Juaben North Municipal Assembly - Effiduase for the year 2022 (Record no. 3911)
[ view plain ]
| 000 -LEADER | |
|---|---|
| fixed length control field | 00458nam a2200145Ia 4500 |
| 008 - FIXED-LENGTH DATA ELEMENTS--GENERAL INFORMATION | |
| fixed length control field | 240429s9999||||xx |||||||||||||| ||und|| |
| 041 ## - LANGUAGE CODE | |
| Language code of text/sound track or separate title | eng |
| 082 ## - DEWEY DECIMAL CLASSIFICATION NUMBER | |
| Classification number | CR/NJNMA/22 |
| 100 ## - MAIN ENTRY--PERSONAL NAME | |
| Personal name | Ghana Audit Service |
| 245 #0 - TITLE STATEMENT | |
| Title | Annual Audit CR of New Juaben North Municipal Assembly - Effiduase for the year 2022 |
| 300 ## - PHYSICAL DESCRIPTION | |
| Extent | 26p: tabs |
| 650 ## - SUBJECT ADDED ENTRY--TOPICAL TERM | |
| Topical term or geographic name entry element | Annual Audit CR of New Juaben North Municipal Assembly - Effiduase for the year 2022 |
| 942 ## - ADDED ENTRY ELEMENTS (KOHA) | |
| Koha item type | Annual Report |
| Withdrawn status | Lost status | Damaged status | Not for loan | Home library | Current library | Shelving location | Date acquired | Total checkouts | Full call number | Date last seen | Copy number | Price effective from | Koha item type |
|---|---|---|---|---|---|---|---|---|---|---|---|---|---|
| Main Library | Main Library | Open Shelves | 15/12/2023 | CR/NJNMA/22 7924 C1 - CR/NJNMA/22 7925 C2 - CR/NJNMA/22 7926 C3 | 29/04/2024 | 1 | 29/04/2024 | Annual Report |